Estimates of capital formation in India (Record no. 496805)

000 -LEADER
fixed length control field 00422cam a22001097a 4500
008 - FIXED-LENGTH DATA ELEMENTS--GENERAL INFORMATION
fixed length control field 180718b1969 xxu||||| |||| 00| 0 eng d
082 ## - DEWEY DECIMAL CLASSIFICATION NUMBER
Classification number T111x54 In2/1960-61-1965-66
245 ## - TITLE STATEMENT
Title Estimates of capital formation in India
Statement of responsibility, etc. by Central Statistical Organisation, Department of Statistic
260 ## - PUBLICATION, DISTRIBUTION, ETC.
Place of publication, distribution, etc. Delhi
Name of publisher, distributor, etc. Government of India
Date of publication, distribution, etc. 1969
300 ## - PHYSICAL DESCRIPTION
Extent 34p
700 ## - ADDED ENTRY--PERSONAL NAME
Personal name India. Department of Statistics. Central Statistical Organisation
Holdings
Withdrawn status Lost status Damaged status Not for loan Permanent Location Current Location Date acquired Full call number Barcode Date last seen Price effective from Koha item type
        Indian Institute of Public Administration Indian Institute of Public Administration 2018-08-04 T111x54 In2/1960-61-1965-66 GG10861 2018-08-04 2018-08-04 GG

Powered by Koha